Detalles MARC
| 000 -LIDER |
| fixed length control field |
02680nam a2200313 a 4500 |
| 001 - NÚMERO DE CONTROL |
| Identificador de número de control |
000016193 |
| 003 - IDENTIFICACDOR DE NÚMERO DE CONTROL |
| control field |
DO-SdBNP |
| 005 - DATE AND TIME OF LATEST TRANSACTION |
| control field |
20160317110200.0 |
| 007 - CAMPOS FIJOS DE DESCRIPCIÓN FÍSICA |
| fixed length control field |
000016193 |
| 008 - ELEMENTOS DE LONGITUD FIJA |
| fixed length control field |
100301s2010 sp a 001 0 spa d |
| 020 ## - ISBN |
| International Standard Book Number |
9786124058011 |
| 040 ## - FUENTE DE CATALOGACIÓN |
| Agencia que crea de manera original el registro |
BPMSU |
| Idioma de catalogación |
spa |
| Agencia que realiza la transcripción |
BPMSU |
| 092 ## - LOCALLY ASSIGNED DEWEY DECIMAL CALL NUMBER |
| Número de clasificación |
728 |
| Número de ítem (Cutter) |
C138e |
| 100 1# - ASIENTO PRINCIPAL -- NOMBRE PERSONAL |
| Nombre personal |
Cañizares, Ana G. |
| 245 14 - MENCIÓN DE TITULO |
| Título |
Edificios residenciales / |
| Mención de responsabilidad |
edición y textos Ana G. Cañizares.; traducción Ana Peco |
| 260 ## - PUBLICACIÓN, DISTRIBUCIÓN, ETC. (PIE DE IMPRENTA) |
| Lugar de publicación, distribución, etc |
Barcelona : |
| Nombre del editor, distribuidor, etc. |
Lexus |
| Fecha de publicación, distribución, etc |
2010 |
| 300 ## - DESCRIPCIÓN FÍSICA |
| Extensión |
199 p. : |
| Otros detalles físicos |
il. ; |
| Dimensiones |
32 cm. |
| 505 ## - NOTA DE CONTENIDO |
| Título |
Murphy/Jahn : Residencia de Estudiantes del ITT (Chicago, USA) -- Archi-Tectonics : Greenwich Street (New York, USA) -- AHMM :Raines Court (Londres) -- Edouard François : Torre de las Flores (Paris, France) -- Edouard François : Edificio Creciente (Montpellier,France) -- Engelenmoore : 150 Liverpool Street ; Kings Lane ; 138 Barcom Avenue ; Edificio Cuadrícula (Sydney, Australia) -- Perkins & Will : Skybridge (Chicago,USA) -- 24 H Architecture : Complejo en Getsewoud (Amsterdam, Pays-Bas) -- GCA Arquitectes :Apartamentos en Sabadell (Espagne) -- Despang Architekten : Apartamentos en Hannover (Hanovre, Allemagne) -- Hans Peter Wörndl : Z'aum-G'ruckt (Salzburg, Autriche) -- EEA Architects : Apartamentos en Mauritskade (Amsterdam, Pays-Bas) -- Pugh + Scarpa : Colorado Court ; Lofts de artistas Bergamot (Santa Monica, USA) -- Tannerhecht Archiecture : Lofts en Cannery (Newport Beach, USA) -- Klein Dytham Architecture : Apartamentos en Nagoya (Tokyo, Japon) -- Dale Jones-Evans : Apartamentos Metalika (Sydney, Australie) -- Camezind Evolution : Seewurfel (Zurich, Suisse). |
| Información miscelánea |
<br/> |
| Título |
|
| 520 ## - RESUMEN, ETC. |
| Nota de resumen, etc. |
'Edificios residenciales' reúne alguno de los últimos diseños de arquitectos contemporáneos, de renombre local e internacional, destacando las tendencias más actuales en la arquitectura aplicada a los proyectos residenciales múltiples. los proyectos mostrados, que constan de estructuras completamente nuevas diseñadas en su totalidad por los arquitectos, están ilustrados como una serie fotográfica que muestra el exterior de cada edificio, así como sus zonas comunes y espacios interiores privados. Una selección de planos y el texto descriptivo acompañante exploran cada proyecto con mayor profundidad y detalle."--Page 4 of cover. |
| 650 ## - ENCABEZAMIENTO DE MATERIA--TEMÁTICO |
| Término temático o nombre geográfico como elemento de entrada |
EDIFICIOS DE APARTAMENTOS |
| 650 ## - ENCABEZAMIENTO DE MATERIA--TEMÁTICO |
| Término temático o nombre geográfico como elemento de entrada |
ARQUITECTURA DOMÉSTICA |
| 700 1# - ASIENTO SECUNDARIO -- NOMBRE PERSONAL |
| Nombre personal |
Peco, Ana |
| Mención de responsabilidad |
tr. |
| 910 ## - VALIDACIÓN |
| Validación |
Validado. Control de calidad MFF |
| 930 #1 - EQUIVALENCE OR CROSS-REFERENCE-UNIFORM TITLE HEADING [LOCAL, CANADA] |
| Language of a work |
BND01 |
| Medium of performance for music |
LF1 |
| Field link and sequence number |
20100301 |
| Date of a work |
01 |
| Name of part/section of a work |
CT |
| Miscellaneous information |
10847 |
| 942 ## - ADDED ENTRY ELEMENTS (KOHA) |
| Source of classification or shelving scheme |
Dewey Decimal Classification |
| Koha item type |
Libros |
| 956 ## - LOCAL ELECTRONIC LOCATION AND ACCESS (OCLC) |
| Nombre de host |
SARMENTERO |
| Número de acceso |
10 |
| Información de compresión |
20100301 |
| Inicio de sesión |
BND01 |
| Procesador de solicitud |
1040 |
| 956 ## - LOCAL ELECTRONIC LOCATION AND ACCESS (OCLC) |
| Nombre de host |
IGARCIA |
| Número de acceso |
10 |
| Información de compresión |
20100303 |
| Inicio de sesión |
BND01 |
| Procesador de solicitud |
1055 |
| 956 ## - LOCAL ELECTRONIC LOCATION AND ACCESS (OCLC) |
| Nombre de host |
VMATEO |
| Número de acceso |
10 |
| Información de compresión |
201525 |
| Inicio de sesión |
BPMSU |
| Procesador de solicitud |
00151 |